Medio siglo de recuerdos antárticos: memorias
Bewaard in:
| Hoofdauteur: | |
|---|---|
| Formaat: | Boek |
| Taal: | Spaans |
| Gepubliceerd in: |
Santiago
s.n
1994
|
| Onderwerpen: | |
| Tags: |
Voeg label toe
Geen labels, Wees de eerste die dit record labelt!
|
MARC
| LEADER | 00000nam a2200000 a 4500 | ||
|---|---|---|---|
| 001 | UCY3531 | ||
| 003 | CL-VaPUC | ||
| 008 | 950103e19940000CL |||||||||||||||||spa|d | ||
| 082 | 0 | 4 | |a 998.009 |b PIN |2 21 |
| 100 | 0 | |a Pinochet de la Barra, Oscar |e author |9 331846 | |
| 245 | 1 | 0 | |a Medio siglo de recuerdos antárticos: memorias |
| 300 | |a 156 p | ||
| 942 | |c BK | ||
| 945 | |d 19950103 00:00:00 |a aalvarez | ||
| 260 | |a Santiago |b s.n |c 1994 | ||
| 650 | 7 | |a DIPLOMATICOS |2 CL-VaPUC |9 268888 | |
| 650 | 0 | |a Relatos personales |9 255122 | |
| 650 | 0 | |a Historia |9 255047 | |
| 651 | 0 | |a Antártica chilena |9 328750 | |
| 651 | 7 | |a CHILE |2 CL-VaPUC |9 331847 | |
| 583 | |a last modification |c 20120821 11:24:39 |k Rodrigo Vera | ||
| 999 | |c 231640 |d 231638 | ||
| 952 | |0 0 |1 0 |4 0 |6 998_009000000000000_PIN_1994 |7 0 |8 P |9 235079 |a BIBDER |b BIBDER |d 2019-11-15 |i 3044289 |o 998.009 PIN 1994 |p 3044289 |r 2023-01-25 |w 2019-11-15 |y BK |k DER | ||